Pedagogía

Salvato in:
Dettagli Bibliografici
Autore principale: Luzuriaga, Lorenzo (autor)
Natura: Libro
Lingua:spagnolo
Pubblicazione: Buenos Aires Losada 1963
Edizione:7a. ed
Serie:Biblioteca pedagógica
Soggetti:
Tags: Aggiungi Tag
Nessun Tag, puoi essere il primo ad aggiungerne!!

MARC

LEADER 00000nam a2200000 a 4500
001 UCY9455
003 CL-VaPUC
008 950717e19630000AG |||||||||||||||||spa|d
082 0 4 |a 370.1  |b LUZ  |2 21 
100 |a Luzuriaga, Lorenzo  |e autor  |9 599016 
245 1 0 |a Pedagogía 
250 |a 7a. ed 
300 |a 331 p 
942 |c BK 
945 |d 19950717 00:00:00  |a mfernand 
260 |a Buenos Aires  |b Losada  |c 1963 
650 0 |a Filosofía de la educación   |9 258384 
650 0 |a Teoría de la educación   |9 309368 
650 0 |a Enseñanza  |9 256457 
650 0 |a Psicología educacional   |9 307830 
650 7 |a PRINCIPIOS EDUCACIONALES  |2 CL-VaPUC  |9 341622 
650 0 |a Educación física  |9 240893 
650 0 |a Educación artística  |9 269035 
650 0 |a Educación moral  |9 308319 
650 0 |a Educación religiosa   |9 308312 
650 0 |a Educación cívica  |9 314665 
650 7 |a EDUCABILIDAD  |2 CL-VaPUC  |9 341623 
650 0 |a Métodos de enseñanza  |9 270413 
650 0 |a Planificación de la educación   |9 307333 
650 0 |a Planificación del currículo  |9 269599 
650 0 |a Educación preescolar  |9 260381 
650 0 |a Escuelas  |9 308582 
583 |a last modification  |c 19950717 00:00:00  |k Rodrigo Vera 
490 0 |a Biblioteca pedagógica 
999 |c 236545  |d 236543 
952 |0 0  |1 0  |4 0  |6 370_100000000000000_LUZ_1963  |7 0  |8 P  |9 244699  |a BIBEDU  |b BIBEDU  |c BIBEDU_PB  |d 2019-11-18  |i 1538330  |o 370.1 LUZ 1963  |p 1538330  |r 2024-01-25  |w 2019-11-18  |y BK  |k EDU